000
00265 a2200109 4500
001
34645
090
_c
22928
_d
22928
100
_a
Borror, Jeffry A
245
_a
Object-Oriented programming with JAVA An ultimate tutorial
260
_a
ND
_b
Dreamtech Press
505
_a
CD/DVD
942
_a
NUST-CAE
999
_c
269718
_d
269718